zpět

Detail výsledku týmu

KD Zliv, Zliv

Datum a čas kvízu

31 Celkem bodů Celkový počet nahraných bodů na tomto kvízu bez doplňovacích otázek.
3. Pořadí na kvízu Konečné umístění týmu na tomto kvízu.

Zaznamenané odpovědi

# Otázka Odpověď Body Výsledky
1. Českou republiku minulý týden... Svjatlana Cichanouská (Světlana Tichanovská) 0
2. Na první příčce žebříčku světo... B 0
3. Minulý čtvrtek měl televizní p... 13 minut 1
4. Jak se jmenuje středoamerický... Salvador 1
5. Ruskou federaci pobouřilo pře... Sláva hrdinům! (Heroyam slava!) 0
6. Nyní se podíváme do světa žen,... Ashley Graham/Grahamová 0
7. Na základě pořadu Banánové ryb... Banánové chybičky 1
8. Melissa McCarthyová je americk... Gilmorova děvčata 1
9. Podle čeho pojmenovala britská... A 1
10. Na fotografii vidíme moderátor... Oprah Winfrey 1